00838cam a2200253 a 450000100100000000500170001000800410002702000150006804000180008308200180010110000520011924500610017126000370023230000210026949000210029065000280031165000310033983000280037091000340039891000070043204900090043995201210044899900150056900000863020200929161357.0940308s1991 sp 000 f spa d a8432206547 aDO-SdBNPcDLC a863.64bG491s1 aGiménez Frontín, José Luis,d1943-92306310aSeñorear la tierra /cJosé Luis Giménez Frontín. aBarcelona :bSeix Barral,c1991. a237 p. ;c21 cm.1 aBiblioteca breve 4aNovela española91123 4aLiteratura española9632 0aBiblioteca breve913442 aCatalogación por copia / LC aWM aBNGR 001054708MOaGRbGRcHDd2009-09-17iLF1l0o863.64 G491sp8630-10r2020-06-25w2020-06-25y4ZPréstamo en sala c8400d8400